První vlna kupónové privatizace: poučíme se?

Potreba novelizácie doterajšieho zákona o podmienkach prevodu majetku štátu na iné osoby. Problém nepriameho investovania pri kupónovej privatizácii. Otázka valných zhromaždení investičných privatizačných fondov. Vytvorenie podielových fondov. Akcie a účtovníctvo. Nepriami investori pre druhé kolo k...

Descripción completa

Guardado en:
Detalles Bibliográficos
Autor principal: Dědič, J.
Formato: Capítulo de libro
Lenguaje:checo
Materias:
Etiquetas: Agregar Etiqueta
Sin Etiquetas, Sea el primero en etiquetar este registro!

MARC

LEADER 00000naa a2200000 4500
001 r012325
005 20220826093526.7
041 0 |a cze 
044 |a CZ 
245 1 0 |a První vlna kupónové privatizace: poučíme se?  |c J. Dědič 
520 |a Potreba novelizácie doterajšieho zákona o podmienkach prevodu majetku štátu na iné osoby. Problém nepriameho investovania pri kupónovej privatizácii. Otázka valných zhromaždení investičných privatizačných fondov. Vytvorenie podielových fondov. Akcie a účtovníctvo. Nepriami investori pre druhé kolo kupónovej privatizácie. 
610 2 0 |a privatizácia 
610 2 0 |a Čechy 
610 2 0 |a IPF 
610 2 0 |a akcie 
610 2 0 |a účtovníctvo 
610 2 0 |a 1993 
100 1 |a Dědič, J.